000 00393nam a2200145Ia 4500
008 230917s9999||||xx |||||||||||||| ||und||
040 _e194615
_aMAIN
041 _aEnglish
082 _a005.1 H396S
100 _aHenry, Joel
245 0 _aSoftware project management: A real-world guide to success
260 _aNew Delhi
_bPearson Education
_c2011
300 _axxvi, 409 p.
942 _cBK
999 _c157833
_d157833